| 000 | 00429nam a2200157 i 4500 | ||
|---|---|---|---|
| 001 | 135258 | ||
| 003 | ES-MaACL | ||
| 005 | 20230906194837.0 | ||
| 007 | t| | ||
| 008 | 070713s1963 sp ||||1| spa d | ||
| 100 | 1 |
_aTomás Cabot, José. _9110510 |
|
| 245 | 1 | 3 |
_aLa reducción / _cJosé Tomás Cabot. |
| 260 |
_aBarcelona : _bEdiciones Destino, _c[1963] |
||
| 300 |
_a225 p. : _b18 cm. |
||
| 852 |
_aES-MaACL _jC-24566 _bR.53201 |
||
| 999 |
_c135258 _d135258 |
||